[Event "Kalamazoo op"]
[Site "Kalamazoo"]
[Date "2002.10.19"]
[Round "2.13"]
[White "Neely, Richard"]
[Black "Ronco, James"]
[Result "1/2-1/2"]
[WhiteElo "1400"]
[BlackElo "1685"]
[PlyCount "53"]
[EventDate "2002.10.19"]
[EventType "swiss"]
[EventRounds "5"]
[EventCountry "USA"]
[SourceTitle "EXT 2007"]
[Source "ChessBase"]
[SourceDate "2006.11.23"]
[SourceVersion "1"]
[SourceVersionDate "2006.11.23"]
[SourceQuality "1"]

1. d4 d5 2. e4 dxe4 3. Nc3 Nf6 4. f3 exf3 5. Qxf3 Qxd4 6. Be3 Qe5 7. 0-0-0 c6 8. h3 h5 9. Bf4 Qa5 10. Nge2 Bg4 11. Qd3 Bf5 12. Qg3 Na6 13. Nd4 h4 14. Qh2 Bd7 15. Nb3 Qb6 16. Bxa6 bxa6 17. Bc7 Qe3+ 18. Rd2 Nh5 19. Rhd1 Ng3 20. Kb1 f6 21. Rxd7 e5 22. Rd8+ Rxd8 23. Rxd8+ Kf7 24. Rd3 Qe1+ 25. Rd1 Qe3 26. Rd3 Qe1+ 27. Rd1 1/2-1/2

[Event "Kalamazoo op"]
[Site "Kalamazoo"]
[Date "2002.10.19"]
[Round "1.14"]
[White "Ronco, James"]
[Black "Pillai, Ashwin"]
[Result "1-0"]
[WhiteElo "1685"]
[BlackElo "902"]
[PlyCount "67"]
[EventDate "2002.10.19"]
[EventType "swiss"]
[EventRounds "5"]
[EventCountry "USA"]
[SourceTitle "EXT 2007"]
[Source "ChessBase"]
[SourceDate "2006.11.23"]
[SourceVersion "1"]
[SourceVersionDate "2006.11.23"]
[SourceQuality "1"]

1. e4 e5 2. Nc3 Nc6 3. Bc4 Qe7 4. Nd5 Qd8 5. Qf3 d6 6. Nb6 Be6 7. Bxe6 fxe6 8. Nxa8 Qxa8 9. Ne2 Nb4 10. Qb3 d5 11. a3 Nc6 12. exd5 Nce7 13. dxe6 a5 14. Qb5+ Kd8 15. Qxe5 b6 16. 0-0 Ng6 17. Qd4+ Kc8 18. Qd7+ Kb8 19. Qd8+ Kb7 20. Qxa8+ Kxa8 21. f4 Bc5+ 22. d4 Bd6 23. c4 Nh4 24. b4 axb4 25. axb4+ Kb8 26. c5 bxc5 27. bxc5 Be7 28. Ba3 Bf6 29. Rfb1+ Kc8 30. Bc1 Kd8 31. Ra8+ Ke7 32. d5 Nf5 33. Ba3 c6 34. Rb7# 1-0

[Event "Kalamazoo op"]
[Site "Kalamazoo"]
[Date "2002.10.19"]
[Round "3.9"]
[White "Ronco, James"]
[Black "Post, Robert"]
[Result "1/2-1/2"]
[WhiteElo "1685"]
[BlackElo "1516"]
[PlyCount "73"]
[EventDate "2002.10.19"]
[EventType "swiss"]
[EventRounds "5"]
[EventCountry "USA"]
[SourceTitle "EXT 2007"]
[Source "ChessBase"]
[SourceDate "2006.11.23"]
[SourceVersion "1"]
[SourceVersionDate "2006.11.23"]
[SourceQuality "1"]

1. e4 e6 2. d4 d5 3. Nc3 Bb4 4. e5 c5 5. a3 Ba5 6. Qg4 Ne7 7. Bd2 cxd4 8. Qxd4 Nbc6 9. Qg4 Ng6 10. f4 Qb6 11. 0-0-0 Bd7 12. h4 0-0-0 13. h5 Nge7 14. Nh3 h6 15. Bd3 Rdg8 16. Qe2 Nd4 17. Qf2 Nec6 18. g4 f5 19. gxf5 Nxf5 20. Bxf5 exf5 21. Nxd5 Qxf2 22. Nxf2 Bxd2+ 23. Rxd2 Be6 24. c4 Rd8 25. b4 Rhe8 26. Nd1 Rd7 27. N1e3 Red8 28. Kc2 Kb8 29. Kc3 b5 30. Rhd1 bxc4 31. Kxc4 Ne7 32. Kc5 Rc8+ 33. Kb5 a6+ 34. Kxa6 Ra7+ 35. Kb6 Rb7+ 36. Ka6 Ra7+ 37. Kb6 1/2-1/2